| 000 | 00000nam 2200000za 4500 |
| 001 | 9.839473 |
| 003 | CaOODSP |
| 005 | 20221107151620 |
| 007 | cr ||||||||||| |
| 008 | 170711s2005 quca #o f000 0 fre d |
| 040 | |aCaOODSP|bfre |
| 043 | |an-cn--- |
| 086 | 1 |aP29-003-140-001-2005F-PDF |
| 245 | 00|aMéthodes d'essai des produits pétroliers et produits connexes |h[ressource électronique] : |bessai d'écoulement à basse température (EÉBT) des combustibles diesels / |cpréparée par l'Office des normes générales du Canada ; approuvée par le Conseil canadien des normes. |
| 246 | 10|aEssai d'écoulement à basse température (EÉBT) des combustibles diesels |
| 260 | |aGatineau : |bOffice des normes générales du Canada, |c2005. |
| 300 | |a7, A2 p. : |bill. |
| 490 | 1 |aNorme nationale du Canada ; |vno 3.0-140.1-2005 |
| 500 | |a« Juillet 2005. » |
| 500 | |a« Expérience et excellence » -- Couv. |
| 500 | |aRemplace CAN/CGSB-3.0 No 140.1-95. |
| 500 | |aPubl. aussi en anglais sous le titre : Methods of testing petroleum and associated products : low temperature flow test (LTFT) for diesel fuels. |
| 520 | |a« La présente méthode permet de déterminer la tendance des combustibles diesels à colmater les filtres à basse température généralement en raison de la formation de cristaux de cire. » -- Objet. |
| 692 | 07|2gccst|aPétrole |
| 692 | 07|2gccst|aCarburant diesel |
| 692 | 07|2gccst|aNorme |
| 710 | 2 |aConseil canadien des normes. |
| 710 | 2 |aOffice des normes générales du Canada. |
| 775 | 08|tMethods of testing petroleum and associated products |w(CaOODSP)9.839471 |
| 794 | |tMéthodes d’essai des produits pétroliers et produits connexes |w(CaOODSP)9.845384 |
| 830 | #0|aNorme nationale du Canada ;|vno 3.0-140.1-2005.|w(CaOODSP)9.504227 |
| 856 | 40|qPDF|s353 Ko|uhttps://publications.gc.ca/collections/collection_2017/ongc-cgsb/P29-003-140-001-2005-fra.pdf |
| 986 | |aICS 71.040.40 |